DIRECTORY OF MEMBERS, LAW FIRMS AND OTHER STAKEHOLDERS (Record no. 6438)

MARC details
005 - DATE AND TIME OF LATEST TRANSACTION
control field 20250629163317.0
020 ## - INTERNATIONAL STANDARD BOOK NUMBER
International Standard Book Number 9789976990928
111 ## - MAIN ENTRY--MEETING NAME
Meeting name or jurisdiction name as entry element TANGANYIKA LAW SOCIETY
245 ## - TITLE STATEMENT
Title DIRECTORY OF MEMBERS, LAW FIRMS AND OTHER STAKEHOLDERS
260 ## - PUBLICATION, DISTRIBUTION, ETC.
Place of publication, distribution, etc. Dodoma.
Name of publisher, distributor, etc. NexLaw Advocates
Date of publication, distribution, etc. 2016
300 ## - PHYSICAL DESCRIPTION
Extent 263p.
Dimensions 28cm.
942 ## - ADDED ENTRY ELEMENTS (KOHA)
Source of classification or shelving scheme Dewey Decimal Classification
Koha item type Books
Holdings
Date last seen Total checkouts Barcode Price effective from Koha item type Lost status Source of classification or shelving scheme Damaged status Not for loan Withdrawn status Home library Current library Shelving location Date acquired
06/29/2025   DOM0003269 06/29/2025 Books   Dewey Decimal Classification       CBE Dodoma CBE Dodoma Reference Collection 01/07/2018